<?xml version="1.0" encoding="UTF-8"?>
<record
    xmlns:xsi="http://www.w3.org/2001/XMLSchema-instance"
    xsi:schemaLocation="http://www.loc.gov/MARC21/slim http://www.loc.gov/standards/marcxml/schema/MARC21slim.xsd"
    xmlns="http://www.loc.gov/MARC21/slim">

  <leader>00891nam a2200217 a 4500</leader>
  <controlfield tag="001">BRCA_8841</controlfield>
  <controlfield tag="005">20190320210431.0</controlfield>
  <controlfield tag="008">120517s--------sp-#######---#000-0blat-#</controlfield>
  <datafield tag="041" ind1=" " ind2=" ">
    <subfield code="a">lat</subfield>
  </datafield>
  <datafield tag="044" ind1=" " ind2=" ">
    <subfield code="a">sp</subfield>
  </datafield>
  <datafield tag="084" ind1=" " ind2=" ">
    <subfield code="a">BE222</subfield>
    <subfield code="b">.C65</subfield>
  </datafield>
  <datafield tag="100" ind1="1" ind2=" ">
    <subfield code="a">Colonia, Dominico de</subfield>
    <subfield code="9">22026</subfield>
  </datafield>
  <datafield tag="245" ind1="1" ind2="0">
    <subfield code="a">De arte rhetorica libri quinque, lectissimo veterum scriptorum aetatis aureae, perpetuis que exemplis illustrati</subfield>
    <subfield code="c">auctore Dominico de Colonia; accesse in bac novissima editione institutiones poeticae; audore Josepho Juvencyo.</subfield>
  </datafield>
  <datafield tag="260" ind1=" " ind2=" ">
    <subfield code="a">Matriti</subfield>
    <subfield code="b">in Regla Typographia, vulgo de la Gazeta</subfield>
    <subfield code="c">1773</subfield>
  </datafield>
  <datafield tag="300" ind1=" " ind2=" ">
    <subfield code="a">356 p.</subfield>
    <subfield code="c">14.2 x 7.5 cm.</subfield>
  </datafield>
  <datafield tag="500" ind1=" " ind2=" ">
    <subfield code="a">Superiorum permissu</subfield>
  </datafield>
  <datafield tag="500" ind1=" " ind2=" ">
    <subfield code="a">Estado f&#xED;sico: Presenta encuadernaci&#xF3;n en pergamino deteriorado, con presencia del pez de plata y carece de cintas</subfield>
  </datafield>
  <datafield tag="650" ind1="1" ind2="4">
    <subfield code="a">Ret&#xF3;rica</subfield>
    <subfield code="y">Obras anteriores a 1800</subfield>
    <subfield code="9">21739</subfield>
  </datafield>
  <datafield tag="902" ind1=" " ind2=" ">
    <subfield code="a">CFM</subfield>
  </datafield>
  <datafield tag="942" ind1=" " ind2=" ">
    <subfield code="2">lcc</subfield>
    <subfield code="c">B</subfield>
  </datafield>
  <datafield tag="999" ind1=" " ind2=" ">
    <subfield code="c">8492</subfield>
    <subfield code="d">8492</subfield>
  </datafield>
  <datafield tag="952" ind1=" " ind2=" ">
    <subfield code="0">0</subfield>
    <subfield code="1">0</subfield>
    <subfield code="4">0</subfield>
    <subfield code="7">0</subfield>
    <subfield code="a">BRCA</subfield>
    <subfield code="b">BRCA</subfield>
    <subfield code="d">2017-05-12</subfield>
    <subfield code="l">0</subfield>
    <subfield code="o">BE222 .C65</subfield>
    <subfield code="p">CFM00168</subfield>
    <subfield code="r">2019-03-22 00:00:00</subfield>
    <subfield code="w">2019-03-22</subfield>
    <subfield code="y">B</subfield>
  </datafield>
</record>
